000 00292nam a22001337a 4500
008 170301b xxu||||| |||| 00| 0 eng d
020 _a9780443066016
041 _aeng
080 _23RD
_a61
100 _a6
101 _aSHM
245 _aANESTHESIOLOGY REVIEW
_cFAUST, R.J
942 _2udc
_cBK
999 _c6489
_d6489